Science Quiz

Random Science or Color Quiz

Find the Pink Animals Quiz Stats

 Plays Quiz Updated Sep 19, 2019

Score 0/20 Timer 04:00
13 Plays Today
% Correct
Domestic Pig
95.2%
Greater Flamingo
95.1%
Amazon River Dolphin
93.8%
Pink Robin
91.3%
Pink Sea Star
90.9%
Pink Fairy Armadillo
88.7%
Dragon Millipede
88%
Roseate Spoonbill
87.3%
Elephant Hawk Moth
86.1%
Bargibant's Pygmy Seahorse
82.7%
% Correct
Namib Sand Gecko
82.1%
Pink Skunk Clownfish
77.2%
Axolotl
73.3%
Orchid Mantis
71%
Olm
67.3%
Hairy Squat Lobster
66.2%
Oblong-Winged Katydid
60.4%
Ocellated Frogfish
58.8%
Hopkin’s Rose Nudibranch
55.8%
Roseate Skimmer
48.1%

You're not logged in!

Compare scores with friends on all Sporcle quizzes.
OR
Log In

Sporcle TV

Today on Sporcle TV


Watch our educational content, quiz creation guides, and fun videos on Sporcle TV.

Show Comments

Extras

Top Quizzes Today


Score Distribution

Your Account Isn't Verified!

In order to create a playlist on Sporcle, you need to verify the email address you used during registration. Go to your Sporcle Settings to finish the process.

Report this User

Report this user for behavior that violates our Community Guidelines.

Details: